000 00692nam a2200289Ia 4500
005 20260324144719.0
008 008 260324s9999 xx 000 0 eng d
020 _a9780429036446
037 _aEBOOK
040 _aCRL
040 _beng
040 _cCRL
041 _2eng
041 _aeng
084 _qCRL
100 _aFrederick W Axelgard
_91220337
245 0 _aIraq In Transition
245 2 _bA Political, Economic, And Strategic Perspective
260 _bTaylor and Francis
260 _c1986
365 _a
365 _b145
856 _uhttp://www.taylorfrancis.com/books/9780429036446
942 _cEBOOK
999 _c1827294
_d1827294